Sociálne poistenie v Európskej únii Grécko

Sociálne poistenie v Grécku - povinné pre všetkých občanov. Dôchodkové poistenie z troch pilierov. Starobný dôchodok. Invalidný dôchodok. Pozostalostný dôchodok.

Guardado en:
Detalles Bibliográficos
Autor principal: Terek, Adrián
Formato: Capítulo de libro
Lenguaje:eslovaco
Materias:
Etiquetas: Agregar Etiqueta
Sin Etiquetas, Sea el primero en etiquetar este registro!

MARC

LEADER 00000naa$a2200000$$$4500
001 0093607
005 20230925075213.4
041 0 |a slo 
044 |a SK 
245 1 0 |a Sociálne poistenie v Európskej únii  |b Grécko  |c Adrián Terek 
520 |a Sociálne poistenie v Grécku - povinné pre všetkých občanov. Dôchodkové poistenie z troch pilierov. Starobný dôchodok. Invalidný dôchodok. Pozostalostný dôchodok. 
610 2 0 |a poistenie sociálne 
610 2 0 |a poistenie dôchodkové 
610 2 0 |a dôchodky starobné 
610 2 0 |a dôchodky invalidné 
610 2 0 |a poisťovne sociálne 
610 2 0 |a poistníci 
610 2 0 |a zabezpečenie sociálne 
610 2 0 |a Grécko 
100 1 |a Terek, Adrián